Music Quiz

Random Music or Lyrics Quiz

'Haleliwia' Lyrics Quiz Stats

 Plays Quiz not verified by Sporcle

Score 0/121 Timer 07:00
0 Plays Today
Answer % Correct
Haleliwia
71.4%
Haleliwia, haleliwia, haleliwia, haleliwia
71.4%
a
71.4%
A
71.4%
i
71.4%
Haleliwia
71.4%
Haleliwia, haleliwia, haleliwia, haleliwia
71.4%
a
71.4%
Haleliwia
71.4%
Haleliwia, haleliwia, haleliwia, haleliwia
71.4%
mae'r
57.1%
mae
57.1%
yn
57.1%
canu
57.1%
y
57.1%
y
57.1%
nos
57.1%
Mae
57.1%
y
57.1%
mae
57.1%
yr
57.1%
yn
57.1%
yn
57.1%
nos
57.1%
yn
57.1%
nos
57.1%
yn
57.1%
mae
57.1%
y
57.1%
yn
57.1%
y
57.1%
y
57.1%
i
57.1%
o
42.9%
cysgod
42.9%
gwn
42.9%
tros
42.9%
Bethlehem
42.9%
dim
42.9%
angel
42.9%
gwyn
42.9%
Answer % Correct
muriau
42.9%
cau
42.9%
ar
42.9%
ddu
42.9%
ar
42.9%
chraith
42.9%
lle
42.9%
bu
42.9%
ar
42.9%
o
42.9%
Mae'r
42.9%
ddu
42.9%
mae'r
42.9%
hir
42.9%
na
42.9%
na
42.9%
ddaw
42.9%
wawr
42.9%
miwsig
42.9%
ddaeth
42.9%
a'r
42.9%
muriau
42.9%
awr
42.9%
ninnau
42.9%
Mewn
28.6%
dwrn
28.6%
ddur
28.6%
seren
28.6%
wen
28.6%
Codi
28.6%
pyrth
28.6%
troi
28.6%
eu
28.6%
cefn
28.6%
werth
28.6%
wyrth
28.6%
mor
28.6%
yw'r
28.6%
strydoedd
28.6%
Palesteina
28.6%
weiran
28.6%
Answer % Correct
bigog
28.6%
gylch
28.6%
crud
28.6%
creawdwr
28.6%
byd
28.6%
gobaith
28.6%
yno'n
28.6%
wylo
28.6%
ei
28.6%
glinia'
28.6%
ninnau'n
28.6%
euog
28.6%
bob
28.6%
un
28.6%
dal
28.6%
ei
28.6%
got
28.6%
wylio'r
28.6%
dyn
28.6%
chwalu
28.6%
pob
28.6%
un
28.6%
hoel
28.6%
ond
28.6%
rai
28.6%
sy'n
28.6%
gweld
28.6%
gwir
28.6%
gwybod
28.6%
fod
28.6%
neges
28.6%
mwy
28.6%
geiria'
28.6%
o'r
28.6%
tywyllwch
28.6%
lawr
28.6%
daw
28.6%
Mai
14.3%
ganu
14.3%

You're not logged in!

Compare scores with friends on all Sporcle quizzes.
OR
Log In

Sporcle TV

Today on Sporcle TV


Watch our educational content, quiz creation guides, and fun videos on Sporcle TV.

Show Comments

Extras

Top Quizzes Today


Score Distribution

Your Account Isn't Verified!

In order to create a playlist on Sporcle, you need to verify the email address you used during registration. Go to your Sporcle Settings to finish the process.

Report this User

Report this user for behavior that violates our Community Guidelines.

Details: